000 07246nam a22005417a 4500
005 2012020902412.0
010 _aB-473706-730
020 _c50.00
_a9788185586458
035 _aB-473706-730
037 _bब्लूबेरी बुक्स
082 _a
100 _aमैत्रेयी पुष्पा
_950850
245 _aफ़ैसला /
_cमैत्रेयी पुष्पा;मोती कर्ण एवं सत्य नारायण लाल कर्ण द्वारा चित्रांकित
250 _a5वां संस्क
260 _aनई दिल्ली
_bकथा
_c2010
270 _aए-3 सर्वोदय एनक्लेव, श्री औरोबिन्दो मार्ग
_bनई दिल्ली
_e110017
300 _aअ.पृ.
_bसचित्र
_c20सेमी (अजिल्द)
700 _aकर्ण, मोती
_941293
700 _941305
_aनारायण, कर्ण
942 _2ddc
_cCH
_h
_mमैत्रेयी
999 _c62364
_d62364